000 00884 a2200169 4500
003 NUST
005 20230712105445.0
040 _cNust
082 _a540,KEN
100 _aKendall, James
_9113562
245 _aAt Home Among The Atoms /
_cjames Kendall
260 _aLondon
_bG Bell
_c1930
300 _a269;p.
505 _aThe Alchemist (Page-1), A Mica Mine in India (Page-16), Clear Fused Quartz Window (Page-22), John Dalton (Page-68), Dr. Priestley’s House and Laboratory (Page-83), Lavoisier Arrested (Page-86), Typical Laue Photographs (Page-105), Arrangement of Atoms (Page-108), Atomic Hydrogen (Page-122), Modern Cathode Ray Tube (Page-130), Electrolytic Refining of Copper(Page-161), Dmitri Ivanovitch Mendeljeff (Page-176), The Laboratory (Page-182), Madam Curie in Her Laboratory (Page-189).
650 _aAt Home Among The Atoms
_9113563
942 _2ddc
_cBK
_k540,KEN
999 _c183410
_d183410